[Event "48. Capablanca Memorial Premier 2013"]
[Site "La Habana CUB"]
[Date "2013.04.27"]
[Round "6.1"]
[White "Ordaz Valdes, Lisandra Teresa"]
[Black "Vigoa Apecheche, Yanira"]
[Result "1/2-1/2"]
[WhiteElo "2361"]
[BlackElo "2319"]
[PlyCount "132"]
[EventDate "2013.04.21"]
[EventType "tourn"]
[EventRounds "9"]
[EventCountry "CUB"]
[EventCategory "3"]
[Source "lmi"]
[SourceDate "2013.04.21"]

1. d4 e6 2. c4 b6 3. a3 Bb7 4. Nc3 f5 5. Nf3 Nf6 6. g3 Be7 7. Bg2 O-O 8. O-O
Ne4 9. Qc2 c5 10. d5 Nxc3 11. bxc3 exd5 12. Nd2 Kh8 13. cxd5 d6 14. c4 Nd7 15.
Rb1 Rb8 16. Rb3 Ne5 17. f4 Ng4 18. h3 Nh6 19. Nf3 Bc8 20. Ng5 Bxg5 21. fxg5 Nf7
22. e4 fxe4 23. Qxe4 Ne5 24. Bf4 Ng6 25. Rbf3 Bf5 26. Qe2 Re8 27. Re3 Nxf4 28.
Rxf4 Bg6 29. h4 Rxe3 30. Qxe3 Qe8 31. Qf2 a6 32. Bh3 b5 33. cxb5 axb5 34. Bd7
Qe7 35. Bxb5 Kg8 36. a4 Bf7 37. Qf3 Qb7 38. Bc6 Qa7 39. Qf2 Qe7 40. Rf3 Rb1+
41. Kh2 Qe4 42. Bd7 Qe1 43. Qxe1 Rxe1 44. Bc6 Rd1 45. Ra3 Bxd5 46. Bxd5+ Rxd5
47. a5 Re5 48. a6 Re8 49. Rd3 Rd8 50. a7 Ra8 51. Rxd6 Rxa7 52. Rc6 Ra2+ 53. Kh3
Rc2 54. h5 c4 55. Rc8+ Kf7 56. Rc7+ Kf8 57. h6 gxh6 58. gxh6 Kg8 59. Kg4 c3 60.
Kg5 Rc1 61. Rc8+ Kf7 62. Rh8 Rg1 63. Rxh7+ Kg8 64. Rg7+ Kh8 65. Rc7 Rxg3+ 66.
Kf4 Rg6 1/2-1/2

[Event "48. Capablanca Memorial Premier 2013"]
[Site "La Habana CUB"]
[Date "2013.04.27"]
[Round "6.3"]
[White "Linares Napoles, Oleiny"]
[Black "Perez Avendano, Paul Omar"]
[Result "1-0"]
[WhiteElo "2321"]
[BlackElo "2264"]
[PlyCount "117"]
[EventDate "2013.04.21"]
[EventType "tourn"]
[EventRounds "9"]
[EventCountry "CUB"]
[EventCategory "3"]
[Source "lmi"]
[SourceDate "2013.04.21"]

1. c4 Nf6 2. g3 g6 3. Bg2 d5 4. cxd5 Nxd5 5. Nc3 Nb6 6. d3 Bg7 7. Be3 Nc6 8.
Qd2 Nd4 9. Rc1 Nf5 10. Bc5 Bh6 11. e3 Nd7 12. Ba3 Ne5 13. Rd1 O-O 14. Qe2 Nd6
15. h3 Rb8 16. b3 c6 17. d4 Qa5 18. Bb2 Nd7 19. Nf3 Bg7 20. O-O b5 21. Rfe1 b4
22. Na4 Ba6 23. Qc2 Rbc8 24. Rc1 Bb5 25. Nc5 Rfd8 26. Qb1 Nxc5 27. dxc5 Bxb2
28. Qxb2 Nb7 29. Qe5 Rd7 30. Nd4 Rdc7 31. h4 h5 32. Red1 Rd8 33. Rd2 Rcd7 34.
Bh3 Qc7 35. Qxc7 Rxc7 36. Nxb5 cxb5 37. Rdc2 e6 38. Bg2 Kf8 39. c6 Nd6 40. Kf1
Ke7 41. Rc5 a6 42. Ke2 Nc8 43. e4 f6 44. e5 fxe5 45. Rxe5 Nb6 46. Rg5 Kf6 47.
Be4 Rg8 48. Rcc5 Nc8 49. Ke3 Ne7 50. Rc2 Rd8 51. Rgc5 Nf5+ 52. Kf4 Rd6 53. f3
Rd1 54. Rf2 Rc1 55. Rfc2 Rd1 56. Rf2 Rd4 57. g4 hxg4 58. fxg4 Nxh4 59. Ke3+ 1-0

[Event "48. Capablanca Memorial Premier 2013"]
[Site "La Habana CUB"]
[Date "2013.04.27"]
[Round "6.4"]
[White "Arribas Robaina, Maritza"]
[Black "Madrigal, Mariano"]
[Result "1-0"]
[WhiteElo "2321"]
[BlackElo "2167"]
[PlyCount "81"]
[EventDate "2013.04.21"]
[EventType "tourn"]
[EventRounds "9"]
[EventCountry "CUB"]
[EventCategory "3"]
[Source "lmi"]
[SourceDate "2013.04.21"]

1. e4 c5 2. Nf3 Nc6 3. Bb5 g6 4. O-O Bg7 5. Re1 e5 6. Nc3 Nge7 7. d3 O-O 8. Bc4
d6 9. a3 h6 10. Nd5 Kh7 11. Nxe7 Qxe7 12. c3 Qc7 13. h3 Be6 14. Bxe6 fxe6 15.
b4 b6 16. Nh2 cxb4 17. axb4 a5 18. bxa5 bxa5 19. Qb3 Qd7 20. Ng4 d5 21. Ra4 d4
22. Rc4 dxc3 23. Qa4 Rac8 24. Rxc3 Qd4 25. Rc4 Qb6 26. Be3 Nd4 27. Rxc8 Rxc8
28. Bxh6 Qc7 29. Bd2 Ra8 30. Ra1 Qc5 31. Kh2 Ra7 32. Rc1 Qb6 33. Rc4 Qd8 34.
Rc5 Ne2 35. Rxa5 Rxa5 36. Qxa5 Qxd3 37. f3 Nd4 38. Be3 Qe2 39. Qc7 g5 40. Qf7
Nc2 41. Nf6+ 1-0

[Event "48. Capablanca Memorial Premier 2013"]
[Site "La Habana CUB"]
[Date "2013.04.27"]
[Round "6.5"]
[White "Borges Feria, Yasel"]
[Black "Sanchez Alvarez, Roberto Carlos"]
[Result "1-0"]
[WhiteElo "2426"]
[BlackElo "2409"]
[PlyCount "57"]
[EventDate "2013.04.21"]
[EventType "tourn"]
[EventRounds "9"]
[EventCountry "CUB"]
[EventCategory "3"]
[Source "lmi"]
[SourceDate "2013.04.21"]

1. Nf3 Nf6 2. c4 d6 3. d4 Nbd7 4. g3 g6 5. Bg2 Bg7 6. O-O O-O 7. Nc3 e5 8. e4
c6 9. Re1 Re8 10. h3 a5 11. Be3 exd4 12. Nxd4 Nc5 13. Qc2 Qc7 14. b3 Bd7 15. a3
Rad8 16. b4 axb4 17. axb4 Ne6 18. Nb3 Bc8 19. Rad1 b5 20. Qd3 bxc4 21. Qxc4 Bb7
22. Na5 Ba8 23. Rc1 d5 24. exd5 cxd5 25. Nxd5 Qxc4 26. Nxf6+ Bxf6 27. Nxc4 Rd7
28. Bxa8 Rxa8 29. Nb6 1-0

[Event "48. Capablanca Memorial Premier 2013"]
[Site "La Habana CUB"]
[Date "2013.04.28"]
[Round "7.1"]
[White "Sanchez Alvarez, Roberto Carlos"]
[Black "Ordaz Valdes, Lisandra Teresa"]
[Result "1-0"]
[WhiteElo "2409"]
[BlackElo "2361"]
[PlyCount "131"]
[EventDate "2013.04.21"]
[EventType "tourn"]
[EventRounds "9"]
[EventCountry "CUB"]
[EventCategory "3"]
[Source "lmi"]
[SourceDate "2013.04.21"]

1. d4 Nf6 2. c4 e6 3. Nf3 Bb4+ 4. Nbd2 b6 5. a3 Bxd2+ 6. Qxd2 Bb7 7. e3 d6 8.
Be2 Nbd7 9. O-O O-O 10. b4 Ne4 11. Qc2 f5 12. d5 exd5 13. Nd4 Qe7 14. cxd5 Bxd5
15. f3 Nef6 16. Nxf5 Qd8 17. e4 Bf7 18. Bb2 Bg6 19. Nd4 Re8 20. Qb3+ Bf7 21.
Qa4 c5 22. Nf5 d5 23. Nd6 Re7 24. Nxf7 Kxf7 25. Qc2 d4 26. Rfe1 Kg8 27. f4 Kh8
28. Bf3 Rc8 29. e5 Ne8 30. Rac1 Nf8 31. Red1 Rcc7 32. Qd3 g6 33. g3 Ng7 34.
bxc5 bxc5 35. Bc3 Rc8 36. Bd2 Nfe6 37. Be4 Rf7 38. Rf1 Qd7 39. Kh1 Nf8 40. Qc4
Re7 41. Rb1 Nf5 42. Rb7 Nxg3+ 43. Kg2 Nxe4 44. Rxd7 Rxd7 45. Ba5 Nc3 46. Qa6
Re8 47. Qc6 Nd5 48. Bd2 Ne3+ 49. Bxe3 dxe3 50. Rd1 Rde7 51. Rd8 Rxd8 52. Qf6+
Kg8 53. Qxe7 Rd2+ 54. Kf3 e2 55. e6 e1=N+ 56. Ke3 Rd3+ 57. Ke2 Nxe6 58. Qxe6+
Kg7 59. Qe7+ Kh6 60. Qf8+ Kh5 61. Qxc5+ Kh6 62. Qg5+ Kg7 63. Qe7+ Kh6 64. Qxa7
Rh3 65. Kxe1 Rxh2 66. a4 1-0

[Event "48. Capablanca Memorial Premier 2013"]
[Site "La Habana CUB"]
[Date "2013.04.28"]
[Round "7.2"]
[White "Madrigal, Mariano"]
[Black "Borges Feria, Yasel"]
[Result "0-1"]
[WhiteElo "2167"]
[BlackElo "2426"]
[PlyCount "56"]
[EventDate "2013.04.21"]
[EventType "tourn"]
[EventRounds "9"]
[EventCountry "CUB"]
[EventCategory "3"]
[Source "lmi"]
[SourceDate "2013.04.21"]

1. e4 g6 2. d4 Bg7 3. Nc3 c6 4. Bc4 d6 5. Qf3 e6 6. d5 Qe7 7. Nge2 Nd7 8. Qg3
Ngf6 9. Bg5 e5 10. O-O h6 11. Bxf6 Nxf6 12. dxc6 bxc6 13. Rfd1 O-O 14. Bb3 Kh7
15. Qd3 Ne8 16. Ba4 Bb7 17. b4 a6 18. Bb3 Rd8 19. Qc4 f5 20. f3 Nf6 21. Na4
fxe4 22. fxe4 Ng4 23. Qc3 Nf2 24. Rf1 Nxe4 25. Qe3 d5 26. c3 h5 27. Bc2 Bh6 28.
Qd3 Qg5 0-1

[Event "48. Capablanca Memorial Premier 2013"]
[Site "La Habana CUB"]
[Date "2013.04.28"]
[Round "7.3"]
[White "Perez Avendano, Paul Omar"]
[Black "Arribas Robaina, Maritza"]
[Result "1/2-1/2"]
[WhiteElo "2264"]
[BlackElo "2321"]
[PlyCount "127"]
[EventDate "2013.04.21"]
[EventType "tourn"]
[EventRounds "9"]
[EventCountry "CUB"]
[EventCategory "3"]
[Source "lmi"]
[SourceDate "2013.04.21"]

1. e4 e6 2. d4 d5 3. e5 c5 4. c3 Qb6 5. Nf3 Bd7 6. Be2 cxd4 7. cxd4 Bb5 8. O-O
Bxe2 9. Qxe2 Ne7 10. Nc3 Nf5 11. Be3 Be7 12. Qb5+ Qxb5 13. Nxb5 Kd7 14. Rac1
Nc6 15. g4 Nxe3 16. fxe3 f6 17. Kg2 Raf8 18. h3 f5 19. gxf5 Rxf5 20. Nd2 Rhf8
21. Rxf5 Rxf5 22. Nf3 Rf8 23. Kg3 a6 24. Nc3 b5 25. Ne2 Nb4 26. a4 bxa4 27. Ra1
Rc8 28. Nc3 Nd3 29. Nxa4 Rc2 30. Ne1 Re2 31. Ng2 h5 32. h4 g5 33. hxg5 Bxg5 34.
Ra3 h4+ 35. Nxh4 Rxe3+ 36. Nf3 Be7 37. Rb3 a5 38. Rb7+ Ke8 39. Rb8+ Kf7 40. Kg4
Re4+ 41. Kg3 Ne1 42. Nxe1 Rxd4 43. Nb6 Bh4+ 44. Kf3 Bxe1 45. Nc8 Rb4 46. Nd6+
Ke7 47. Rg8 Rxb2 48. Rg7+ Kd8 49. Nb7+ Kc8 50. Nd6+ Kb8 51. Rg8+ Kc7 52. Rg7+
Kc6 53. Re7 a4 54. Rxe6 Kd7 55. Re8 a3 56. Ra8 a2 57. Ra6 Rh2 58. Nf5 Rf2+ 59.
Kg4 Bc3 60. e6+ Kc7 61. e7 Re2 62. Rxa2 Re4+ 63. Kg5 Bb4 64. Kf6 1/2-1/2

[Event "48. Capablanca Memorial Premier 2013"]
[Site "La Habana CUB"]
[Date "2013.04.28"]
[Round "7.4"]
[White "Pazos Gambarrotti, Plinio"]
[Black "Linares Napoles, Oleiny"]
[Result "0-1"]
[WhiteElo "2298"]
[BlackElo "2321"]
[PlyCount "136"]
[EventDate "2013.04.21"]
[EventType "tourn"]
[EventRounds "9"]
[EventCountry "CUB"]
[EventCategory "3"]
[Source "lmi"]
[SourceDate "2013.04.21"]

1. d4 f5 2. e4 fxe4 3. Nc3 Nf6 4. Bg5 e6 5. Nxe4 Be7 6. Bxf6 Bxf6 7. Nf3 O-O 8.
Bd3 Nc6 9. c3 Be7 10. Qe2 d5 11. Ned2 Bd6 12. O-O Qf6 13. Rae1 Qh6 14. g3 Bd7
15. Qd1 Rae8 16. Ne5 Nxe5 17. dxe5 Bc5 18. Qe2 Re7 19. Kg2 g5 20. b4 Bb6 21.
Nb3 Be8 22. Qd2 Bh5 23. Be2 Ref7 24. Nd4 Bg6 25. h4 Rg7 26. Bg4 Bf7 27. hxg5
Rxg5 28. Nxe6 Bxe6 29. Bxe6+ Kh8 30. Re2 c6 31. Bh3 Rfg8 32. Rh1 Qg7 33. Kf1
Rxe5 34. Rxe5 Qxe5 35. Qd3 Re8 36. Be6 Re7 37. Qg6 Qg7 38. Qf5 Re8 39. Rh2 Bc7
40. Rh5 Bd6 41. Qh3 Bf8 42. Rh4 Be7 43. Rg4 Bg5 44. Bf5 h6 45. Qh5 Re7 46. Kg2
Qf6 47. Bd3 Re1 48. Rd4 Bc1 49. Qg4 Re8 50. Qd1 Bb2 51. Qd2 Ba3 52. Rh4 Re6 53.
Rg4 Qe5 54. Rh4 Qf6 55. Rf4 Qg7 56. Bf5 Rf6 57. Qe3 Qf8 58. Qe5 Bc1 59. Rf3 Qg7
60. Qb8+ Rf8 61. Qxa7 Bd2 62. Qc5 Bxc3 63. Rxc3 Rxf5 64. Rc2 Qe5 65. Kf1 Qe4
66. Kg1 d4 67. Qc4 Rh5 68. f3 Qe1+ 0-1

[Event "48. Capablanca Memorial Premier 2013"]
[Site "La Habana CUB"]
[Date "2013.04.28"]
[Round "7.5"]
[White "Vigoa Apecheche, Yanira"]
[Black "Davila, Carlos"]
[Result "0-1"]
[WhiteElo "2319"]
[BlackElo "2304"]
[PlyCount "108"]
[EventDate "2013.04.21"]
[EventType "tourn"]
[EventRounds "9"]
[EventCountry "CUB"]
[EventCategory "3"]
[Source "lmi"]
[SourceDate "2013.04.21"]

1. d4 c5 2. e3 Nf6 3. Nf3 g6 4. Be2 Bg7 5. O-O b6 6. Ne5 Bb7 7. Bf3 Qc8 8. a4
d6 9. Bxb7 Qxb7 10. Nf3 O-O 11. c4 cxd4 12. exd4 Rc8 13. b3 d5 14. Nbd2 Nc6 15.
Qe2 e6 16. Ba3 Rd8 17. c5 Nd7 18. Rac1 bxc5 19. dxc5 a5 20. Qd3 Rdc8 21. h4 Nb4
22. Qe3 e5 23. h5 d4 24. Qe4 Qxe4 25. Nxe4 f5 26. Nd6 Rxc5 27. Nb7 Rxc1 28.
Rxc1 Nd5 29. hxg6 hxg6 30. Rc6 e4 31. Nd2 e3 32. fxe3 dxe3 33. Nf3 Ne5 34. Nxe5
Bxe5 35. Bc5 e2 36. Kf2 Nf4 37. Be3 Re8 38. Rc4 Bd4 39. Rxd4 Rxe3 40. Rd8+ Kg7
41. Rd7+ Kh6 42. Kxe3 e1=Q+ 43. Kxf4 Qe4+ 44. Kg3 f4+ 45. Kh2 Qe5 46. Nd8 f3+
47. g3 Qe2+ 48. Kh3 f2 49. Nf7+ Kg7 50. Ng5+ Kf6 51. Nh7+ Ke6 52. Nf8+ Kf5 53.
Rf7+ Kg5 54. Nh7+ Kh6 0-1

[Event "48. Capablanca Memorial Premier 2013"]
[Site "La Habana CUB"]
[Date "2013.04.29"]
[Round "8.1"]
[White "Ordaz Valdes, Lisandra Teresa"]
[Black "Davila, Carlos"]
[Result "1/2-1/2"]
[WhiteElo "2361"]
[BlackElo "2304"]
[PlyCount "57"]
[EventDate "2013.04.21"]
[EventType "tourn"]
[EventRounds "9"]
[EventCountry "CUB"]
[EventCategory "3"]
[Source "lmi"]
[SourceDate "2013.04.21"]

1. d4 c5 2. d5 d6 3. c4 g6 4. e4 Bg7 5. Nc3 Na6 6. Bd3 Nc7 7. f4 Nf6 8. Nf3 O-O
9. e5 Nd7 10. Qe2 b5 11. cxb5 Nb6 12. O-O Bg4 13. Be4 f5 14. exf6 exf6 15. f5
g5 16. a4 h6 17. h3 Bxf3 18. Qxf3 Nc4 19. Qe2 Ne5 20. Rb1 a5 21. Bd2 Re8 22. b3
Re7 23. Kh1 Ne8 24. Be3 Bf8 25. Rfd1 Rh7 26. g3 Rb8 27. Kg2 Qd7 28. Rf1 Be7 29.
Rbc1 1/2-1/2

[Event "48. Capablanca Memorial Premier 2013"]
[Site "La Habana CUB"]
[Date "2013.04.29"]
[Round "8.3"]
[White "Arribas Robaina, Maritza"]
[Black "Pazos Gambarrotti, Plinio"]
[Result "1-0"]
[WhiteElo "2321"]
[BlackElo "2298"]
[PlyCount "51"]
[EventDate "2013.04.21"]
[EventType "tourn"]
[EventRounds "9"]
[EventCountry "CUB"]
[EventCategory "3"]
[Source "lmi"]
[SourceDate "2013.04.21"]

1. e4 c5 2. Nf3 e6 3. c3 d5 4. exd5 exd5 5. d4 Nc6 6. Bb5 Bd6 7. Be3 c4 8. b3
cxb3 9. axb3 Nf6 10. h3 O-O 11. O-O Ne4 12. Nfd2 f5 13. f4 Re8 14. Nxe4 Rxe4
15. Qf3 Kh8 16. Nd2 Re8 17. Rae1 a6 18. Bd3 Ne7 19. c4 Bb4 20. Re2 Ng8 21. Qf2
Nf6 22. Nf3 Ne4 23. Bxe4 Rxe4 24. Ng5 Re7 25. Bd2 Rxe2 26. Qxe2 1-0

[Event "48. Capablanca Memorial Premier 2013"]
[Site "La Habana CUB"]
[Date "2013.04.29"]
[Round "8.4"]
[White "Borges Feria, Yasel"]
[Black "Perez Avendano, Paul Omar"]
[Result "1-0"]
[WhiteElo "2426"]
[BlackElo "2264"]
[PlyCount "61"]
[EventDate "2013.04.21"]
[EventType "tourn"]
[EventRounds "9"]
[EventCountry "CUB"]
[EventCategory "3"]
[Source "lmi"]
[SourceDate "2013.04.21"]

1. Nf3 Nf6 2. b3 g6 3. Bb2 Bg7 4. g3 O-O 5. Bg2 c5 6. c4 Nc6 7. O-O d5 8. cxd5
Qxd5 9. Ne5 Qd6 10. Nxc6 bxc6 11. d3 h5 12. Nd2 h4 13. Rc1 hxg3 14. hxg3 Bg4
15. Bxf6 Qxf6 16. Rxc5 Rac8 17. Rc4 Qe6 18. Re1 Rfd8 19. Nf3 Bf6 20. Qd2 Qd7
21. Qh6 Be6 22. Rc2 Qd5 23. Rec1 Qa5 24. Qd2 Qb6 25. Qe3 Qa6 26. Ng5 Bd5 27.
Ne4 Bxe4 28. Bxe4 Rd6 29. Qf3 Bg5 30. e3 c5 31. Bb7 1-0

[Event "48. Capablanca Memorial Premier 2013"]
[Site "La Habana CUB"]
[Date "2013.04.29"]
[Round "8.5"]
[White "Sanchez Alvarez, Roberto Carlos"]
[Black "Madrigal, Mariano"]
[Result "1-0"]
[WhiteElo "2409"]
[BlackElo "2167"]
[PlyCount "36"]
[EventDate "2013.04.21"]
[EventType "tourn"]
[EventRounds "9"]
[EventCountry "CUB"]
[EventCategory "3"]
[Source "lmi"]
[SourceDate "2013.04.21"]

1. Nf3 c5 2. c4 Nc6 3. e3 e6 4. Nc3 Nf6 5. d4 d5 6. a3 cxd4 7. exd4 dxc4 8.
Bxc4 Be7 9. O-O O-O 10. Re1 a6 11. Ba2 b6 12. d5 exd5 13. Nxd5 Nxd5 14. Qxd5
Bb7 15. Qh5 Bf6 16. Ng5 Bxg5 17. Bxg5 Qd4 18. b4 Bc8 1-0